What are they known for Quiz Stats

Quiz not verified by Sporcle

Challenge
Share
Tweet
Embed
Score 0/47 Timer 15:00
0 Plays Today
Actor Then % Correct
Sara Michelle GellarBuffy the vampire slayer
84.6%
Jennifer AnistonFriends
80.8%
Lisa Kudrow Friends
76.9%
Alyson HanniganBuffy the vampire slayer
73.1%
Melissa Joan HartSabrina the teenage witch
73.1%
Shannen DohertyCharmed
73.1%
Hayden PanettiereHeroes
69.2%
Courteney Cox Friends
69.2%
Holly Marie CombsCharmed
65.4%
David Boreanaz Buffy the Vampire Slayer
65.4%
Tia and Tamera MowrySister Sister
61.5%
Rachel BilsonThe OC
61.5%
Jennifer Love HewittGhost Whisperer
61.5%
Tahj MowrySmart Guy
57.7%
Kristen BellVeronica Mars
53.8%
Milo Ventimiglia Gilmore Girls
50%
Michelle Trachtenberg Buffy the Vampire Slayer
50%
Masi OkaHeroes
46.2%
Adrian Pasdar Judging Amy
46.2%
Charisma Carpenter Buffy the Vampire Slayer
46.2%
Michelle WilliamsDawson's Creek
42.3%
Zachary Quinto Heroes
42.3%
Patrick StewartStar Trek: The Next Generation
42.3%
Kaley Cuoco8 Simple Rules
42.3%
Actor Then % Correct
Anthony(Stewart) Head Buffy the vampire slayer
42.3%
Nicholas Brendon Buffy the Vampire Slayer
38.5%
Lori LoughlinFull House
38.5%
Greg Grunberg Felicity
34.6%
Santiago Cabrera Heroes
34.6%
Ali Larter Heroes
34.6%
Candace Cameron BureFull House
34.6%
Lauren GrahamGilmore Girls
34.6%
Hilarie BurtonOne Tree Hill
30.8%
Emily VanCamp Everwood
30.8%
Wil Wheaton Star Trek: The Next Generation
30.8%
Brent Spiner Star Trek: The Next Generation
30.8%
Jennifer MorrisonHouse
30.8%
David AndersHeroes
26.9%
Jared Padalecki Gilmore Girls
26.9%
Scott Michael Foster Greek
23.1%
Lee NorrisBoy Meets World
23.1%
Ginnifer GoodwinBig Love
15.4%
Katie McGrathThe Tudors
11.5%
Robert CarlyleStar Gate Universe
7.7%
Kelly BishopGilmore Girls
7.7%
Colin MorganDr Who
3.8%
Lana Parrilla Spin City
3.8%

You're not logged in!

Compare scores with friends on all Sporcle quizzes.
Sign Up with Email
OR
Log In

You Might Also Like...

Show Comments

Extras

Top Quizzes Today


Score Distribution

Your Account Isn't Verified!

In order to create a playlist on Sporcle, you need to verify the email address you used during registration. Go to your Sporcle Settings to finish the process.